| 000 | 00676 a2200253 4500 | ||
|---|---|---|---|
| 001 | 200002728 | ||
| 999 |
_c200002728 _d30543 |
||
| 003 | TR-AnTOB | ||
| 005 | 20191104092556.0 | ||
| 008 | 131007s2008 tu 000 0 | ||
| 020 | _a9756683002 | ||
| 041 | _atur | ||
| 050 | 1 | 4 |
_aQA36.5 _b.B35 2008-2009 |
| 090 | _aQA36.5 .B35 2008-2009 | ||
| 100 | 1 |
_aBalcı, Mustafa _912516 |
|
| 245 | 1 | 0 |
_aGenel matematik / _cMustafa Balcı. |
| 250 | _a5. bs. | ||
| 264 | 1 |
_aAnkara : _bBalcı Yayınları, _c2008-2009 |
|
| 300 |
_av. ; _c25 cm. |
||
| 650 | 0 |
_aMatematik _vProblemler, alıştırmalar vb. _985783 |
|
| 650 | 0 |
_aMathematics _vProblems, exercises, etc. _93709 |
|
| 902 | _a0035293 | ||
| 942 | _cBK | ||